| 000 | 00459nam a2200133Ia 4500 | ||
|---|---|---|---|
| 008 | 170221s9999 xx 000 0 und d | ||
| 100 | _aTih Koon Tan | ||
| 245 | _aFinancial Distress and Firm Performance: Evidence from the Asian Financial Crisis | ||
| 245 | _cTih Koon Tan, The University of Tampa. | ||
| 260 | _bJournal of Management and Marketing Research | ||
| 260 | _c2013 | ||
| 650 | _xBusiness | ||
| 856 | _uhttp://www.aabri.com/manuscripts/121199.pdf | ||
| 999 |
_c309533 _d309533 |
||